Tratados y documentos internacionales /
Guardado en:
| Otros Autores: | , , |
|---|---|
| Formato: | Libro |
| Idioma: | Spanish |
| Publicado: |
Buenos Aires :
Víctor P. de Zavalía,
1971
|
| Edición: | 2a. ed. |
| Materias: | |
| Etiquetas: |
Agregar Etiqueta
Sin Etiquetas, Sea el primero en etiquetar este registro!
|
| LEADER | 00623nam a22001575a 4500 | ||
|---|---|---|---|
| 001 | DER.der013236 | ||
| 008 | 180615s1971####ag#||||||||||||||#||spa|| | ||
| 005 | 20260205132048.0 | ||
| 245 | 1 | 0 | |a Tratados y documentos internacionales / |c con prólogo de Luis María de Pablo Pardo, José I. García Ghirelli, y Adriana M. Zamora. |
| 250 | |a 2a. ed. | ||
| 260 | |a Buenos Aires : |b Víctor P. de Zavalía, |c 1971 | ||
| 700 | 1 | |a Pablo Pardo, Luis María de, |e prol. | |
| 700 | 1 | |a García Ghirelli, José I., |e ed. | |
| 700 | 1 | |a Zamora, Adriana M., |e ed. | |
| 650 | 7 | |a DERECHO INTERNACIONAL PÚBLICO | |
| 859 | |a DERECHO |b BIB. DERECHO |h 341 |i TRA |k 1.33 |p 008160 |t 1 | ||
